| 000 | 00710nam a2200181 a 4500 | ||
|---|---|---|---|
| 003 | 0 | ||
| 005 | 20250521071938.0 | ||
| 008 | 030519s19uu xx 00 eng d | ||
| 050 |
_aPHS RJ 506.A35 _b.P57 2003 |
||
| 100 | _aPiscoso, Martin G. | ||
| 245 |
_aThe Effects of acne on the psychosocial and academic performance of selected high school students / _cMartin G. Piscoso. |
||
| 260 |
_aLas PiƱas City, Philippines : _bSouthville International School and Colleges, _c2003. |
||
| 300 |
_aunnumbered pages : _billustrations ; _c28 cm. |
||
| 504 | _aIncludes bibliographical references. | ||
| 650 |
_aAcne _xPsychological aspects. |
||
| 650 |
_aAcademic achievement _xPsychological aspects. |
||
| 942 |
_2lcc _cPASS |
||
| 999 |
_c96807 _d96807 |
||